FIFA U20 World Cup Top 4 - Statistics

General Stats
  • This quiz has been taken 224 times
    168 since last reset
  • The average score is 31 of 40
Answer Stats
Answer % Correct
Argentina
98%
Brazil
98%
Italy
97%
Spain
97%
England
96%
Uruguay
95%
France
94%
Portugal
94%
South Korea
94%
Japan
93%
Mexico
91%
United States
91%
Colombia
89%
Chile
87%
Nigeria
83%
Poland
83%
Ukraine
82%
Australia
80%
Morocco
79%
Serbia
78%
Soviet Union
78%
Austria
77%
Egypt
76%
Ecuador
75%
Ghana
75%
Paraguay
75%
Venezuela
74%
Hungary
72%
Yugoslavia
72%
Ireland
71%
Senegal
71%
Czech Republic
68%
West Germany
67%
Romania
66%
Costa Rica
60%
Israel
58%
Mali
55%
East Germany
52%
Iraq
48%
Qatar
46%
No matching quizzes found
Score Distribution
Percent of People with Each Score
Percentile by Number Answered
Your Score History
You have not taken this quiz since the last reset